01817nam a2200373 a 4500001001200000003000800012006001900020007001500039008004100054010001700095020003100112020002800143040002100171035002100192043001200213050002400225082002700249100003100276245012700307260004200434300002400476490002200500504006400522505033700586533015200923650003401075650004101109650004101150650003101191655002901222710001701251830004901268856012601317ebr10430441CaPaEBRm u cr cn|||||||||081021s2009 txua sb 001 0 eng  z 2008043887 z9781593322946 (alk. paper) z1593322941 (alk. paper) aCaPaEBRcCaPaEBR a(OCoLC)535764915 an-us---14aHQ1031b.M67 2009eb04a306.84/608691209732221 aMorgan, Charlie V.,d1972-10aIntermarriage across race and ethnicity among immigrantsh[electronic resource] :bE pluribus unions /cCharlie V. Morgan. aEl Paso :bLFB Scholarly Pub.,c2009. avii, 228 p. :bill.1 aThe new Americans aIncludes bibliographical references (p. 217-223) and index.0 aIntroduction -- History and theory -- Conceptualization and methodology -- Deconstructing intermarriage in the United States -- Mixed relationships among children of immigrants in southern California -- Clarifying race and ethnicity in mixed relationships -- Gender and informality in mixed relationships -- Summary and conclusions. aElectronic reproduction.bPalo Alto, Calif. :cebrary,d2013.nAvailable via World Wide Web.nAccess may be limited to ebrary affiliated libraries. 0aIntermarriagezUnited States. 0aInterethnic marriagezUnited States. 0aInterracial marriagezUnited States. 0aImmigrantszUnited States. 7aElectronic books.2local2 aebrary, Inc. 0aNew Americans (LFB Scholarly Publishing LLC)40uhttp://site.ebrary.com/lib/rucke/Doc?id=10430441zAn electronic book accessible through the World Wide Web; click to view